[Event "Reykjavik Open 2025"]
[Site "Reykjavik, Iceland"]
[Date "2025.04.10"]
[Round "2.15"]
[White "Papp, Gabor"]
[Black "Nissinen, Niilo Man"]
[Result "1/2-1/2"]
[WhiteElo "2502"]
[WhiteTitle "GM"]
[WhiteFideId "718602"]
[BlackElo "2268"]
[BlackTitle "CM"]
[BlackFideId "30950767"]
[TimeControl "90+30 +30 after 40 moves"]
[Variant "Standard"]
[StudyName "Round 2"]
1. e4 { [%clk 1:30:56] } 1... c5 { [%clk 1:27:36] } 2. Nf3 { [%clk 1:31:21] } 2... Nc6 { [%clk 1:27:54] } 3. Bb5 { [%clk 1:31:41] } 3... g6 { [%clk 1:27:43] } 4. O-O { [%clk 1:31:47] } 4... Bg7 { [%clk 1:27:55] } 5. Bxc6 { [%clk 1:30:12] } 5... dxc6 { [%clk 1:24:33] } 6. d3 { [%clk 1:30:17] } 6... Nf6 { [%clk 1:24:06] } 7. Re1 { [%clk 1:30:11] } 7... O-O { [%clk 1:24:04] } 8. a4 { [%clk 1:30:07] } 8... a5 { [%clk 1:20:57] } 9. Nbd2 { [%clk 1:29:15] } 9... Ne8 { [%clk 1:09:05] } 10. e5 { [%clk 1:29:14] } 10... Nc7 { [%clk 1:07:27] } 11. b3 { [%clk 1:29:09] } 11... Bf5 { [%clk 1:02:18] } 12. Bb2 { [%clk 1:16:49] } 12... Qd7 { [%clk 0:57:55] } 13. Nc4 { [%clk 1:04:25] } 13... Nd5 { [%clk 0:56:50] } 14. Ng5 { [%clk 0:59:59] } 14... Be6 { [%clk 0:53:27] } 15. Qf3 { [%clk 0:55:32] } 15... h6 { [%clk 0:49:47] } 16. Nxe6 { [%clk 0:48:45] } 16... Qxe6 { [%clk 0:50:01] } 17. Re2 { [%clk 0:42:16] } 17... Rfd8 { [%clk 0:46:50] } 18. h4 { [%clk 0:39:39] } 18... b6 { [%clk 0:38:11] } 19. h5 { [%clk 0:38:03] } 19... g5 { [%clk 0:31:26] } 20. g3 { [%clk 0:35:04] } 20... Ra7 { [%clk 0:25:34] } 21. Kh2 { [%clk 0:35:01] } 21... Rad7 { [%clk 0:19:55] } 22. Qe4 { [%clk 0:32:26] } 22... Kh8 { [%clk 0:18:33] } 23. Rg1 { [%clk 0:30:31] } 23... b5 { [%clk 0:15:51] } 24. Nd2 { [%clk 0:30:13] } 24... Nb6 { [%clk 0:12:12] } 25. axb5 { [%clk 0:29:11] } 25... cxb5 { [%clk 0:12:30] } 26. f4 { [%clk 0:29:37] } 26... c4 { [%clk 0:09:44] } 27. f5 { [%clk 0:24:59] } 27... Qd5 { [%clk 0:10:05] } 28. dxc4 { [%clk 0:17:07] } 28... bxc4 { [%clk 0:09:03] } 29. Qxd5 { [%clk 0:10:10] } 29... Rxd5 { [%clk 0:09:26] } 30. Nxc4 { [%clk 0:10:37] } 30... Nxc4 { [%clk 0:09:41] } 31. bxc4 { [%clk 0:11:04] } 31... Rc5 { [%clk 0:05:49] } 32. f6 { [%clk 0:03:54] } 32... exf6 { [%clk 0:05:59] } 33. exf6 { [%clk 0:04:20] } 33... Bf8 { [%clk 0:06:23] } 34. Re4 { [%clk 0:04:47] } 34... Rdc8 { [%clk 0:05:23] } 35. Rd1 { [%clk 0:03:45] } 35... Rxc4 { [%clk 0:05:02] } 36. Rxc4 { [%clk 0:04:10] } 36... Rxc4 { [%clk 0:05:28] } 37. Rd8 { [%clk 0:04:03] } 37... Rxc2+ { [%clk 0:05:47] } 38. Kh3 { [%clk 0:02:36] } 38... Rxb2 { [%clk 0:06:09] } 39. Rxf8+ { [%clk 0:03:02] } 39... Kh7 { [%clk 0:06:34] } 40. Rxf7+ { [%clk 0:03:29] } 40... Kg8 { [%clk 0:05:44] } 41. Rg7+ { [%clk 0:03:28] } 41... Kh8 { [%clk 0:26:19] } 42. Rg6 { [%clk 0:33:47] } 42... Kh7 { [%clk 0:26:35] } 43. Rg7+ { [%clk 0:34:08] } 43... Kh8 { [%clk 0:26:58] } 44. Ra7 { [%clk 0:34:35] } 44... Rf2 { [%clk 0:27:01] } 45. Rxa5 { [%clk 0:35:00] } 45... Rxf6 { [%clk 0:27:24] } 46. Kg4 { [%clk 0:35:27] } 1/2-1/2

[Event "Reykjavik Open 2025"]
[Site "Reykjavik, Iceland"]
[Date "2025.04.10"]
[Round "2.16"]
[White "Xu, Yuanyuan"]
[Black "Zierk, Steven"]
[Result "1/2-1/2"]
[WhiteElo "2288"]
[WhiteTitle "WGM"]
[WhiteFideId "8601089"]
[BlackElo "2501"]
[BlackTitle "GM"]
[BlackFideId "2034255"]
[TimeControl "90+30 +30 after 40 moves"]
[Variant "Standard"]
[StudyName "Round 2"]
1. d4 { [%clk 1:27:58] } 1... Nf6 { [%clk 1:30:52] } 2. c4 { [%clk 1:27:51] } 2... e6 { [%clk 1:31:14] } 3. Nc3 { [%clk 1:28:13] } 3... Bb4 { [%clk 1:31:36] } 4. e3 { [%clk 1:19:59] } 4... O-O { [%clk 1:31:56] } 5. Ne2 { [%clk 1:19:25] } 5... c6 { [%clk 1:32:17] } 6. a3 { [%clk 1:18:12] } 6... Ba5 { [%clk 1:32:40] } 7. b4 { [%clk 1:17:08] } 7... Bc7 { [%clk 1:32:59] } 8. e4 { [%clk 1:16:37] } 8... d5 { [%clk 1:32:33] } 9. e5 { [%clk 1:15:48] } 9... Nfd7 { [%clk 1:32:52] } 10. Nf4 { [%clk 1:06:49] } 10... a5 { [%clk 1:30:29] } 11. Rb1 { [%clk 1:00:14] } 11... axb4 { [%clk 1:29:09] } 12. axb4 { [%clk 1:00:41] } 12... c5 { [%clk 1:22:35] } 13. bxc5 { [%clk 0:54:30] } 13... Ba5 { [%clk 1:22:46] } 14. Bd2 { [%clk 0:53:09] } 14... dxc4 { [%clk 1:22:19] } 15. Nb5 { [%clk 0:41:56] } 15... Nc6 { [%clk 1:18:57] } 16. Bxa5 { [%clk 0:33:01] } 16... Qxa5+ { [%clk 1:18:08] } 17. Qd2 { [%clk 0:33:21] } 17... Rd8 { [%clk 1:06:30] } 18. Qxa5 { [%clk 0:32:43] } 18... Rxa5 { [%clk 1:06:43] } 19. Bxc4 { [%clk 0:28:43] } 19... Ra4 { [%clk 0:49:28] } 20. Bb3 { [%clk 0:21:06] } 20... Ra5 { [%clk 0:36:00] } 21. Bc2 { [%clk 0:17:57] } 21... Rxb5 { [%clk 0:30:16] } 22. Rxb5 { [%clk 0:18:17] } 22... Nxd4 { [%clk 0:30:34] } 23. Rb2 { [%clk 0:18:16] } 23... Nxe5 { [%clk 0:30:30] } 24. O-O { [%clk 0:17:29] } 24... Nc4 { [%clk 0:28:06] } 25. Ra2 { [%clk 0:15:26] } 25... e5 { [%clk 0:27:35] } 26. Bd3 { [%clk 0:14:17] } 26... b5 { [%clk 0:23:43] } 27. cxb6 { [%clk 0:12:08] } 27... Nxb6 { [%clk 0:24:02] } 28. Rb1 { [%clk 0:10:46] } 28... exf4 { [%clk 0:16:28] } 29. Rxb6 { [%clk 0:11:10] } 29... f3 { [%clk 0:03:40] } 30. Rb8 { [%clk 0:10:55] } 30... Ne2+ { [%clk 0:03:36] } 1/2-1/2

[Event "Reykjavik Open 2025"]
[Site "Reykjavik, Iceland"]
[Date "2025.04.10"]
[Round "2.17"]
[White "Le Goff, Ronan"]
[Black "Draskovic, Luka"]
[Result "0-1"]
[WhiteElo "2282"]
[WhiteTitle "FM"]
[WhiteFideId "612073"]
[BlackElo "2488"]
[BlackTitle "GM"]
[BlackFideId "944335"]
[TimeControl "90+30 +30 after 40 moves"]
[Variant "Standard"]
[StudyName "Round 2"]
1. Nf3 { [%clk 1:30:55] } 1... d5 { [%clk 1:30:07] } 2. d4 { [%clk 1:30:47] } 2... Nf6 { [%clk 1:30:13] } 3. g3 { [%clk 1:31:05] } 3... Bf5 { [%clk 1:30:07] } 4. c4 { [%clk 1:30:56] } 4... e6 { [%clk 1:30:02] } 5. Nc3 { [%clk 1:30:57] } 5... h6 { [%clk 1:30:01] } 6. Bg2 { [%clk 1:31:07] } 6... c6 { [%clk 1:28:03] } 7. Qb3 { [%clk 1:31:22] } 7... Qb6 { [%clk 1:13:33] } 8. c5 { [%clk 1:30:58] } 8... Qc7 { [%clk 1:06:03] } 9. Bf4 { [%clk 1:29:10] } 9... Qc8 { [%clk 1:06:20] } 10. O-O { [%clk 1:28:54] } 10... Nbd7 { [%clk 1:05:29] } 11. h3 { [%clk 1:25:05] } 11... Be7 { [%clk 0:59:38] } 12. g4 { [%clk 1:24:24] } 12... Bh7 { [%clk 0:59:00] } 13. Qd1 { [%clk 1:11:14] } 13... h5 { [%clk 0:45:58] } 14. g5 { [%clk 1:07:32] } 14... Ne4 { [%clk 0:46:21] } 15. Rc1 { [%clk 1:05:38] } 15... O-O { [%clk 0:38:00] } 16. Nd2 { [%clk 0:56:27] } 16... e5 { [%clk 0:27:27] } 17. dxe5 { [%clk 0:48:44] } 17... Nxc3 { [%clk 0:22:42] } 18. Rxc3 { [%clk 0:48:39] } 18... Nxc5 { [%clk 0:23:05] } 19. e4 { [%clk 0:36:50] } 19... Nxe4 { [%clk 0:16:49] } 20. Nxe4 { [%clk 0:36:00] } 20... dxe4 { [%clk 0:16:24] } 21. Qxh5 { [%clk 0:35:56] } 21... Qe6 { [%clk 0:14:46] } 22. Rb3 { [%clk 0:33:11] } 22... b5 { [%clk 0:12:06] } 23. Re1 { [%clk 0:33:06] } 23... Rad8 { [%clk 0:10:42] } 24. Bg3 { [%clk 0:25:17] } 24... Rd4 { [%clk 0:09:44] } 25. Rbe3 { [%clk 0:23:32] } 25... Bg6 { [%clk 0:09:29] } 26. Qg4 { [%clk 0:20:29] } 26... Qxg4 { [%clk 0:09:08] } 27. hxg4 { [%clk 0:20:51] } 27... Bxg5 { [%clk 0:08:49] } 28. R3e2 { [%clk 0:20:48] } 28... Bd2 { [%clk 0:07:17] } 29. Rd1 { [%clk 0:19:47] } 29... Rfd8 { [%clk 0:07:41] } 30. Kh2 { [%clk 0:17:52] } 30... c5 { [%clk 0:07:20] } 31. f3 { [%clk 0:15:53] } 31... e3 { [%clk 0:06:41] } 32. Bh4 { [%clk 0:15:37] } 32... Bd3 { [%clk 0:03:41] } 33. Rexd2 { [%clk 0:14:26] } 33... exd2 { [%clk 0:04:02] } 34. Rxd2 { [%clk 0:14:46] } 34... Bg6 { [%clk 0:03:57] } 35. Re2 { [%clk 0:14:57] } 35... Rd2 { [%clk 0:04:09] } 36. Re1 { [%clk 0:15:03] } 36... Rd1 { [%clk 0:02:38] } 37. Rxd1 { [%clk 0:15:08] } 37... Rxd1 { [%clk 0:03:02] } 38. f4 { [%clk 0:15:28] } 38... Bb1 { [%clk 0:02:49] } 39. a3 { [%clk 0:15:22] } 39... Rd2 { [%clk 0:03:10] } 40. Kg3 { [%clk 0:15:28] } 40... Rxb2 { [%clk 0:03:30] } 41. f5 { [%clk 0:15:18] } 41... Ba2 { [%clk 0:03:29] } 0-1

[Event "Reykjavik Open 2025"]
[Site "Reykjavik, Iceland"]
[Date "2025.04.10"]
[Round "2.18"]
[White "Kilic, Eray"]
[Black "Priansh Das"]
[Result "1-0"]
[WhiteElo "2473"]
[WhiteTitle "IM"]
[WhiteFideId "44517173"]
[BlackElo "2262"]
[BlackTitle "FM"]
[BlackFideId "45029946"]
[TimeControl "90+30 +30 after 40 moves"]
[Variant "Standard"]
[StudyName "Round 2"]
1. e4 { [%clk 1:30:58] } 1... e6 { [%clk 1:30:51] } 2. d4 { [%clk 1:31:19] } 2... d5 { [%clk 1:29:36] } 3. e5 { [%clk 1:31:43] } 3... c5 { [%clk 1:30:03] } 4. c3 { [%clk 1:32:09] } 4... Nc6 { [%clk 1:30:29] } 5. Nf3 { [%clk 1:32:35] } 5... Bd7 { [%clk 1:30:33] } 6. Be2 { [%clk 1:33:00] } 6... Nge7 { [%clk 1:30:41] } 7. O-O { [%clk 1:31:36] } 7... cxd4 { [%clk 1:30:04] } 8. cxd4 { [%clk 1:32:02] } 8... Nf5 { [%clk 1:30:16] } 9. Nc3 { [%clk 1:32:23] } 9... Rc8 { [%clk 1:28:48] } 10. a3 { [%clk 1:26:18] } 10... a6 { [%clk 1:28:21] } 11. g4 { [%clk 1:24:26] } 11... Nfe7 { [%clk 1:17:52] } 12. Be3 { [%clk 1:24:31] } 12... h5 { [%clk 1:12:41] } 13. h3 { [%clk 1:23:59] } 13... hxg4 { [%clk 1:08:00] } 14. hxg4 { [%clk 1:24:24] } 14... f5 { [%clk 1:07:43] } 15. Bd3 { [%clk 1:19:55] } 15... Ng6 { [%clk 0:59:19] } 16. gxf5 { [%clk 1:15:27] } 16... exf5 { [%clk 0:57:15] } 17. Re1 { [%clk 1:04:53] } 17... Be6 { [%clk 0:55:02] } 18. Ng5 { [%clk 1:05:06] } 18... Qd7 { [%clk 0:40:45] } 19. Na4 { [%clk 0:59:32] } 19... Rd8 { [%clk 0:39:38] } 20. Qf3 { [%clk 0:56:59] } 20... Nh4 { [%clk 0:32:19] } 21. Qg3 { [%clk 0:57:16] } 21... Na5 { [%clk 0:26:13] } 22. Rac1 { [%clk 0:50:02] } 22... Nc4 { [%clk 0:23:08] } 23. b3 { [%clk 0:49:31] } 23... Nxe3 { [%clk 0:23:22] } 24. fxe3 { [%clk 0:49:50] } 24... Qe7 { [%clk 0:12:48] } 25. Kf2 { [%clk 0:48:21] } 25... Rh5 { [%clk 0:10:26] } 26. Nxe6 { [%clk 0:46:07] } 26... Qxe6 { [%clk 0:10:44] } 27. Rh1 { [%clk 0:46:32] } 27... Be7 { [%clk 0:08:29] } 28. Rc7 { [%clk 0:42:59] } 28... g5 { [%clk 0:07:17] } 29. Be2 { [%clk 0:41:05] } 29... Rh8 { [%clk 0:06:25] } 30. Nc5 { [%clk 0:40:16] } 30... Bxc5 { [%clk 0:06:17] } 31. Qxg5 { [%clk 0:40:08] } 31... Be7 { [%clk 0:06:33] } 32. Qg7 { [%clk 0:40:32] } 32... Rg8 { [%clk 0:03:35] } 33. Bh5+ { [%clk 0:38:38] } 1-0

[Event "Reykjavik Open 2025"]
[Site "Reykjavik, Iceland"]
[Date "2025.04.10"]
[Round "2.32"]
[White "Kavutskiy, Kostya"]
[Black "Lu, Shanglei"]
[Result "0-1"]
[WhiteElo "2351"]
[WhiteTitle "IM"]
[WhiteFideId "2026384"]
[BlackElo "2618"]
[BlackTitle "GM"]
[BlackFideId "8603332"]
[TimeControl "90+30 +30 after 40 moves"]
[Variant "Standard"]
[StudyName "Round 2"]
1. e4 { [%clk 1:30:32] } 1... c5 { [%clk 1:29:41] } 2. Nf3 { [%clk 1:30:53] } 2... d6 { [%clk 1:27:46] } 3. d4 { [%clk 1:31:05] } 3... cxd4 { [%clk 1:28:09] } 4. Nxd4 { [%clk 1:31:18] } 4... Nf6 { [%clk 1:28:34] } 5. Nc3 { [%clk 1:31:39] } 5... a6 { [%clk 1:28:29] } 6. Bc4 { [%clk 1:29:39] } 6... e6 { [%clk 1:27:48] } 7. Be3 { [%clk 1:29:40] } 7... Nc6 { [%clk 1:10:59] } 8. Bb3 { [%clk 1:28:04] } 8... Na5 { [%clk 1:07:34] } 9. f4 { [%clk 1:25:31] } 9... Qc7 { [%clk 1:03:40] } 10. Qf3 { [%clk 1:05:38] } 10... b5 { [%clk 1:01:38] } 11. a3 { [%clk 1:04:38] } 11... Bb7 { [%clk 0:59:01] } 12. g4 { [%clk 1:03:43] } 12... d5 { [%clk 0:46:52] } 13. e5 { [%clk 1:00:13] } 13... Nd7 { [%clk 0:47:16] } 14. Rd1 { [%clk 0:55:56] } 14... Bxa3 { [%clk 0:43:53] } 15. Nxd5 { [%clk 0:29:43] } 15... Bb4+ { [%clk 0:40:03] } 16. c3 { [%clk 0:26:15] } 16... exd5 { [%clk 0:39:35] } 17. Bxd5 { [%clk 0:22:06] } 17... Bxd5 { [%clk 0:39:40] } 18. Qxd5 { [%clk 0:22:26] } 18... Nb6 { [%clk 0:40:03] } 19. Nxb5 { [%clk 0:16:00] } 19... Nxd5 { [%clk 0:38:01] } 20. Nxc7+ { [%clk 0:16:23] } 20... Nxc7 { [%clk 0:38:27] } 21. cxb4 { [%clk 0:16:42] } 21... Nc4 { [%clk 0:37:33] } 22. Bc5 { [%clk 0:13:50] } 22... Nxb2 { [%clk 0:36:51] } 23. Rd2 { [%clk 0:13:54] } 23... Nc4 { [%clk 0:36:18] } 24. Rc2 { [%clk 0:13:38] } 24... Na3 { [%clk 0:36:34] } 25. Ra2 { [%clk 0:14:00] } 25... Nab5 { [%clk 0:36:40] } 26. O-O { [%clk 0:14:00] } 26... O-O-O { [%clk 0:35:18] } 27. f5 { [%clk 0:14:04] } 27... Rhe8 { [%clk 0:34:37] } 28. e6 { [%clk 0:13:58] } 28... fxe6 { [%clk 0:35:01] } 29. f6 { [%clk 0:14:10] } 29... gxf6 { [%clk 0:35:26] } 30. Rxf6 { [%clk 0:14:31] } 30... Nc3 { [%clk 0:34:37] } 31. Rc2 { [%clk 0:14:49] } 31... Ne4 { [%clk 0:34:54] } 32. Rf7 { [%clk 0:14:02] } 32... Nxc5 { [%clk 0:33:03] } 33. Rxc5 { [%clk 0:14:20] } 33... Rd7 { [%clk 0:33:30] } 0-1

[Event "Reykjavik Open 2025"]
[Site "Reykjavik, Iceland"]
[Date "2025.04.10"]
[Round "2.42"]
[White "Wartiovaara, Oliver"]
[Black "Arun, Nitish"]
[Result "0-1"]
[WhiteElo "2359"]
[WhiteTitle "FM"]
[WhiteFideId "513024"]
[BlackElo "2004"]
[BlackFideId "2524201"]
[TimeControl "90+30 +30 after 40 moves"]
[Variant "Standard"]
[StudyName "Round 2"]
1. e4 { [%clk 1:30:56] } 1... c6 { [%clk 1:30:50] } 2. d4 { [%clk 1:31:21] } 2... d5 { [%clk 1:31:11] } 3. e5 { [%clk 1:31:46] } 3... Bf5 { [%clk 1:31:32] } 4. h4 { [%clk 1:32:09] } 4... h6 { [%clk 1:31:40] } 5. g4 { [%clk 1:32:34] } 5... Bd7 { [%clk 1:32:02] } 6. h5 { [%clk 1:31:54] } 6... c5 { [%clk 1:29:09] } 7. Nc3 { [%clk 1:32:13] } 7... e6 { [%clk 1:29:12] } 8. Be3 { [%clk 1:31:26] } 8... Qc7 { [%clk 1:20:53] } 9. Nf3 { [%clk 1:29:23] } 9... c4 { [%clk 1:15:05] } 10. Nh4 { [%clk 1:25:23] } 10... Bb4 { [%clk 1:09:20] } 11. f4 { [%clk 1:24:44] } 11... Nc6 { [%clk 1:02:57] } 12. f5 { [%clk 1:23:21] } 12... O-O-O { [%clk 1:00:14] } 13. fxe6 { [%clk 1:22:43] } 13... Bxe6 { [%clk 1:00:33] } 14. Bh3 { [%clk 1:21:29] } 14... Qd7 { [%clk 0:52:18] } 15. Nf5 { [%clk 1:19:11] } 15... f6 { [%clk 0:42:12] } 16. exf6 { [%clk 1:13:26] } 16... Nxf6 { [%clk 0:40:21] } 17. O-O { [%clk 1:13:05] } 17... Bxc3 { [%clk 0:32:33] } 18. bxc3 { [%clk 1:13:18] } 18... Kb8 { [%clk 0:31:10] } 19. Qf3 { [%clk 1:05:03] } 19... Ka8 { [%clk 0:20:36] } 20. Rae1 { [%clk 1:00:53] } 20... Ne4 { [%clk 0:20:39] } 21. Bf4 { [%clk 0:54:46] } 21... Rhf8 { [%clk 0:19:28] } 22. Re2 { [%clk 0:40:56] } 22... Rde8 { [%clk 0:16:29] } 23. Rg2 { [%clk 0:39:32] } 23... Rf7 { [%clk 0:15:28] } 24. Bc1 { [%clk 0:34:08] } 24... Ne7 { [%clk 0:14:20] } 25. Kh2 { [%clk 0:26:43] } 25... Ng8 { [%clk 0:10:30] } 26. Bf4 { [%clk 0:25:56] } 26... Ngf6 { [%clk 0:10:39] } 27. Be5 { [%clk 0:20:51] } 27... Ng5 { [%clk 0:09:26] } 28. Qg3 { [%clk 0:20:09] } 28... Nfe4 { [%clk 0:09:47] } 29. Qe3 { [%clk 0:19:07] } 29... Nxh3 { [%clk 0:09:40] } 30. Qxh3 { [%clk 0:19:06] } 30... Ng5 { [%clk 0:10:06] } 31. Qg3 { [%clk 0:15:46] } 31... Ref8 { [%clk 0:09:47] } 32. Qf4 { [%clk 0:11:56] } 32... Bxf5 { [%clk 0:09:43] } 33. gxf5 { [%clk 0:12:23] } 33... Rxf5 { [%clk 0:09:57] } 34. Qg4 { [%clk 0:12:50] } 34... Qe6 { [%clk 0:07:38] } 35. Rxf5 { [%clk 0:12:07] } 35... Rxf5 { [%clk 0:07:51] } 36. Bf4 { [%clk 0:10:18] } 36... a6 { [%clk 0:05:42] } 37. Bxg5 { [%clk 0:09:28] } 37... hxg5 { [%clk 0:06:03] } 38. Qe2 { [%clk 0:07:37] } 38... Qd6+ { [%clk 0:05:46] } 39. Kg1 { [%clk 0:07:32] } 39... Qd7 { [%clk 0:05:05] } 40. Rf2 { [%clk 0:04:02] } 40... Rf4 { [%clk 0:04:24] } 41. Rxf4 { [%clk 0:01:00] } 41... gxf4 { [%clk 0:04:46] } 42. Kf2 { [%clk 0:00:41] } 42... Qh3 { [%clk 0:01:44] } 43. Qe8+ { [%clk 0:23:05] } 43... Ka7 { [%clk 0:32:04] } 44. Qe7 { [%clk 0:20:21] } 44... Qg3+ { [%clk 0:23:39] } 45. Ke2 { [%clk 0:19:23] } 45... f3+ { [%clk 0:23:42] } 46. Kd1 { [%clk 0:17:31] } 46... Qf4 { [%clk 0:23:33] } 47. Qe5 { [%clk 0:13:22] } 47... Qg4 { [%clk 0:22:16] } 0-1

[Event "Reykjavik Open 2025"]
[Site "Reykjavik"]
[Date "2025.04.10"]
[Round "2.48"]
[White "Ernisson, Petur Ulfar"]
[Black "Gayon, Benoit"]
[Result "0-1"]
[WhiteElo "1602"]
[WhiteFideId "2326116"]
[BlackElo "1953"]
[BlackFideId "632040"]
[Variant "Standard"]
[StudyName "ROpen 2025 - Rd2 - Boards 45-108"]
1. e4 e5 2. Nf3 Nc6 3. Bc4 Bc5 4. b4 Bxb4 5. c3 Ba5 6. d4 exd4 7. Qb3 Qe7 8. O-O Bb6 9. Ba3 Qf6 10. e5 Qg6 11. Nh4 Qh5 12. Nf3 Nge7 13. cxd4 Nxd4 14. Nxd4 Bxd4 15. Nc3 Bxe5 16. f4 Bf6 17. Rae1 O-O 18. Ne4 Bd4+ 19. Kh1 d6 20. Ng5 Bf6 21. Bb2 d5 22. Be2 Qh6 23. Ba3 Be6 24. Qxb7 Rfb8 25. Qxc7 Nf5 26. Rf3 Nd4 27. Nxe6 Nxf3 28. Bxf3 fxe6 29. Qc6 Qg6 30. Qxe6+ Kh8 31. Bxd5 Re8 32. h3 Rxe6 33. Rxe6 Qf5 0-1

[Event "Reykjavik Open 2025"]
[Site "Reykjavik"]
[Date "2025.04.10"]
[Round "2.49"]
[White "Cornette, Matthieu"]
[Black "Wadelek, Karol"]
[Result "1-0"]
[WhiteElo "2528"]
[WhiteTitle "GM"]
[WhiteFideId "620084"]
[BlackElo "1979"]
[BlackFideId "1176307"]
[Variant "Standard"]
[StudyName "ROpen 2025 - Rd2 - Boards 45-108"]
1. e4 c5 2. Nc3 a6 3. g3 b5 4. Bg2 Bb7 5. Nge2 e6 6. O-O Qc7 7. d4 cxd4 8. Nxd4 Nf6 9. Re1 d6 10. a4 b4 11. Nce2 e5 12. Nf5 Nc6 13. Bg5 Nd7 14. Ne3 Qb8 15. Nd5 a5 16. c3 bxc3 17. bxc3 h6 18. Be3 Ne7 19. c4 Nxd5 20. cxd5 Ba6 21. Nc3 Be7 22. Bh3 Qd8 23. Nb5 Nf6 24. Qc2 Bxb5 25. axb5 O-O 26. b6 Qb8 27. Qc6 a4 28. Rxa4 Rxa4 29. Qxa4 Bd8 30. Qa7 1-0

[Event "Reykjavik Open 2025"]
[Site "Reykjavik"]
[Date "2025.04.10"]
[Round "2.51"]
[White "Skjoldager, Nicklas"]
[Black "Sivuk, Vitaly"]
[Result "0-1"]
[WhiteElo "1953"]
[WhiteFideId "1408720"]
[BlackElo "2505"]
[BlackFideId "14116502"]
[Variant "Standard"]
[StudyName "ROpen 2025 - Rd2 - Boards 45-108"]
1. e4 c5 2. Nf3 d6 3. d4 cxd4 4. Nxd4 Nf6 5. Nc3 a6 6. Be2 e6 7. O-O Nbd7 8. Re1 Be7 9. Bf3 Qc7 10. Be3 Ne5 11. Be2 b5 12. f4 Ned7 13. Bf3 Bb7 14. e5 dxe5 15. fxe5 Nxe5 16. Bxb7 Qxb7 17. Bh6 gxh6 18. Rxe5 O-O-O 19. Nce2 Ng4 20. Rh5 Ne3 0-1

[Event "Reykjavik Open 2025"]
[Site "Reykjavik"]
[Date "2025.04.10"]
[Round "2.52"]
[White "Tahay, Alexis"]
[Black "Gudnyjarson, Sigurdur Pall"]
[Result "1-0"]
[WhiteElo "2397"]
[WhiteFideId "26090961"]
[BlackElo "1951"]
[BlackFideId "2321637"]
[Variant "Standard"]
[StudyName "ROpen 2025 - Rd2 - Boards 45-108"]
1. e4 c6 2. Nf3 d5 3. d3 dxe4 4. dxe4 Qxd1+ 5. Kxd1 Nf6 6. Nbd2 g6 7. Ne5 Bg7 8. Nd3 O-O 9. c3 Rd8 10. Kc2 b6 11. f3 Ba6 12. b3 c5 13. Nc4 Nc6 14. Be3 Nd7 15. Ndb2 Bb7 16. a4 a6 17. Nd2 Nde5 18. Bf4 Bc8 19. Be2 Be6 20. Rhd1 Na5 21. Ndc4 Nexc4 22. Bxc4 Nxc4 23. Nxc4 Bxc4 24. bxc4 e5 25. Be3 Bf8 26. Rab1 Rxd1 27. Rxd1 Rb8 28. Rd7 Kg7 29. Rd5 a5 30. Rxe5 Bd6 31. Rd5 Bxh2 32. f4 Re8 33. Kd3 Re6 34. g4 h6 35. Bd2 Bg3 36. Ke3 Bh4 37. Kf3 Be7 38. f5 Rc6 39. e5 gxf5 40. gxf5 Bh4 41. Kg4 Bf2 42. Rd7 Kg8 43. Rd3 f6 44. e6 Bg1 45. Rd8+ Kg7 46. e7 1-0

[Event "Reykjavik Open 2025"]
[Site "Reykjavik"]
[Date "2025.04.10"]
[Round "2.53"]
[White "Papadiamandis, Elliot"]
[Black "Heppert, Lars"]
[Result "1-0"]
[WhiteElo "2315"]
[WhiteTitle "IM"]
[WhiteFideId "36074160"]
[BlackElo "1949"]
[BlackFideId "24668575"]
[Variant "Standard"]
[StudyName "ROpen 2025 - Rd2 - Boards 45-108"]
1. e4 c6 2. d4 d5 3. Nd2 dxe4 4. Nxe4 Nf6 5. Nxf6+ exf6 6. c3 Bd6 7. Bd3 O-O 8. Qc2 Re8+ 9. Ne2 h6 10. O-O Nd7 11. Be3 a5 12. c4 Bf8 13. Nc3 g6 14. Rad1 Bg7 15. d5 f5 16. c5 Nf6 17. d6 Be6 18. Bd4 Nd5 19. Bxg7 Nb4 20. Qd2 Kxg7 21. a3 Nd5 22. Bc4 Nxc3 23. bxc3 Bxc4 24. Qd4+ Qf6 25. Qxc4 Re4 26. Qb3 Rg4 27. Qxb7 Qg5 28. Qxc6 Rc8 29. f4 Qd8 30. Qd5 Rb8 31. Rd2 g5 32. Qxf5 Rxf4 33. Rxf4 gxf4 34. h3 Kf8 35. Qxf4 1-0